| 000 | 00000nam 2200000zi 4500 |
| 001 | 9.879247 |
| 003 | CaOODSP |
| 005 | 20250904135657 |
| 006 | m o d f |
| 007 | cr cn||||||||| |
| 008 | 190913s2019 onc ob f000 0 eng d |
| 040 | |aCaOODSP|beng|erda|cCaOODSP |
| 043 | |an-cn--- |
| 086 | 1 |aRv55-8/11-11-3-2019E-PDF |
| 245 | 00|aAdvance rulings for tariff classification. |
| 250 | |a[August 9, 2019 edition]. |
| 264 | 1|aOttawa : |bCanada Border Services Agency = Agence des services frontaliers du Canada, |c2019. |
| 300 | |a1 online resource (13 pages). |
| 336 | |atext|btxt|2rdacontent |
| 337 | |acomputer|bc|2rdamedia |
| 338 | |aonline resource|bcr|2rdacarrier |
| 490 | 1 |aMemorandum, |x2369-2391 ; |vD11-11-3 |
| 500 | |aIssued also in French under title: Décisions anticipées en matière de classement tarifaire. |
| 500 | |aCaption title. |
| 500 | |a"Ottawa, August 9, 2019." |
| 500 | |a"Superseded Memorandum D, D11-11-3 dated September 30, 2014." |
| 504 | |aIncludes bibliographical references. |
| 520 | |a"This memorandum outlines the Canada Border Services Agency's (CBSA) program for issuing advance rulings for tariff classification under paragraph 43.1(1)(c) of the Customs Act"--In brief. |
| 692 | 07|2gccst|aTariffs |
| 710 | 2 |aCanada Border Services Agency. |
| 775 | 08|tDécisions anticipées en matière de classement tarifaire.|w(CaOODSP)9.879248 |
| 794 | |tAdvance rulings for tariff classification.|b[September 13, 2021 edition]|w(CaOODSP)9.911616 |
| 795 | |tAdvance rulings for tariff classification |b[September 30, 2014 edition]|w(CaOODSP)9.580938 |
| 830 | #0|aMemorandum (Canada Border Services Agency)|vD11-11-3.|w(CaOODSP)9.816825 |
| 856 | 40|qPDF|s395 KB|uhttps://publications.gc.ca/collections/collection_2019/asfc-cbsa/Rv55-8-11-11-3-2019-eng.pdf |